00363nam a2200145Ia 4500008004100000041000800041082001400049100001100063245005800074250001100132260002500143300000800168650002200176999001900198230901s2007 xx 000 0 und d aeng a615.8,515 aTAYLOR aEVIDENCE - BASED PRACTICE FOR OCCUPATIONAL THERAPISTS a2nd ed bBLACKWELL PUB.c2007 a208 aMEDICAL. SURGICAL c868198d868198